Porovnání investic do neživotního pojištění s kapitálovými investicemi

Otázky investovania volných finančných prostriedkov na základe teórie úžitkových funkcií. Investície na kapitálovom trhu na základe Markowitzovej teórie. Investície do poisťovne (resp. do nového poistného odvetvia).

Enregistré dans:
Détails bibliographiques
Auteur principal: Šťástková, Monika
Format: Chapitre de livre
Langue:tchèque
Sujets:
Tags: Ajouter un tag
Pas de tags, Soyez le premier à ajouter un tag!

MARC

LEADER 00000naa$a2200000$$$4500
001 0034912
005 20230928072131.2
041 0 |a cze 
044 |a CZ 
245 1 0 |a Porovnání investic do neživotního pojištění s kapitálovými investicemi  |c Monika Šťástková 
520 |a Otázky investovania volných finančných prostriedkov na základe teórie úžitkových funkcií. Investície na kapitálovom trhu na základe Markowitzovej teórie. Investície do poisťovne (resp. do nového poistného odvetvia). 
610 2 0 |a poistenie neživotné 
610 2 0 |a investície kapitálové 
610 2 0 |a riziko poistné 
610 2 0 |a teória modelov ekonomicko-matematických 
610 2 0 |a zisk kapitálový 
610 2 0 |a matematika poistná 
100 1 |a Šťástková, Monika